| 000 | 00389nam a2200145 a 4500 | ||
|---|---|---|---|
| 001 | 000028097 | ||
| 005 | 20200930031339.0 | ||
| 008 | 110406s1988 dr 000 0 spa d | ||
| 040 |
_aDO-SdBNP _bspa _cBNPHU |
||
| 082 | _aA654 | ||
| 245 | 0 | 0 | _aAprender con los sellos postales. /. |
| 260 |
_aSanto Domingo, : _bUnión postal universal, _c1988. |
||
| 300 |
_a23 p. ; _c21 cm. |
||
| 049 | _aBNPD | ||
| 999 |
_c27589 _d27589 |
||